Institutional competition <a> concept for Europe?

Gespeichert in:
Bibliographische Detailangaben
1. Verfasser: Siebert, Horst
Format: Buch
Sprache:Deutsch
Veröffentlicht: Kiel Institut für Weltwirtschaft 1990
Schriftenreihe:Kiel Working Paper No.440
Tags: Tag hinzufügen
Keine Tags, Fügen Sie das erste Tag hinzu!

MARC

LEADER 00000nam a2200000 4500
001 c022010
005 20250521092951.5
041 0 |a ger 
044 |a DE 
245 1 0 |a Institutional competition  |b <a> concept for Europe?  |c Horst Siebert 
264 1 |a Kiel  |b Institut für Weltwirtschaft  |c 1990 
300 |a 27 s. 
490 1 |a Kiel Working Paper  |v No.440 
830 0 |a Kiel Working Paper  |v No.440 
100 1 |a Siebert, Horst